000 00612nam a2200181Ia 4500
008 090123s9999 xx 000 0 und d
082 _b5860
_a891.463/भागव
100 _aभागवत यशवंत
245 _aत्या भारल्या क्षणी
250 _a1
260 _bप्रमोद प्रकाशन
300 _a164
600 _aभागवत यशवंत
630 _aत्या भारल्या क्षणी
700 _aभागवत यशवंत
730 _aत्या भारल्या क्षणी
942 _cBOOK
999 _c43924
_d43924